00976nab a2200289uuc4500001000800000005001700008008004100025035001200066035002100078040001300099041000800112100003000120245009100150260001000241300001700251650002600268650003500294650003900329650002000368650002500388650003900413700002900452700002700481700003900508700003400547773010500581122303120240831090755.0101108s2009 eng  a1223031 a(OCoLC)820566650 ccomduadb aeng10aWulff, Stefanie4auteaut14aThe acquisition of tense-aspect: converging evidence from corpora and telicity ratings c2009. a(p. 354-369) aCorpus based research aInvestigacion basada en corpus 7aAdquisición del lenguaje2armarc aTense (Grammar) aTiempo (Gramática) 7aAdquisición del lenguaje2armarc10aEllis, Nick C.4auteaut10aRömer, Ute4auteaut10aBardovi-Harlig, Kathleen4auteaut10aLeblanc, Chelsea J.4auteaut0 tThe Modern Language Journal (Estados Unidos)gVol. 93, No. 03, Fall, 2009w683727x0026-79020204738